00470nam a2200145Ia 4500008004100000020001800041082001400059100002900073245003200102260001000134500001800144942000700162952014000169999001500309260604s9999 xx 000 0 und d a9789387340350 a808.3 SHR aShree Book Centre935315 0aBadmash Lomad aur Lal Murgi bSHREE aBadmash Lomad cBK 00104070aIIMVbIIMVcChildren collectiond2026-06-04g199.00l0o808.3 SHRp003810r2026-06-04 10:19:18v199.00w2026-06-04yBKBSHR c8192d8192